Iconic Clothing - Statistics

General Stats
  • This quiz has been taken 36 times
  • The average score is 10 of 16
Answer Stats
Picture Answer % Correct
Kilt
91%
Bikini
88%
Flip Flops
85%
Sari
82%
Kimono
79%
Turban
79%
Tuxedo
76%
Hijab
74%
Beret
71%
Cowboy Boots
68%
Speedo
65%
Lederhosen
62%
Burqa
59%
War Bonnet
32%
Codpiece
12%
Dashiki
6%
No matching quizzes found
Score Distribution
Percent of People with Each Score
Percentile by Number Answered
Your Score History
You have not taken this quiz